| 000 | 01634nab a2200373 i 4500 | ||
|---|---|---|---|
| 001 | 94272 | ||
| 003 | FINmELB | ||
| 005 | 20241217172253.0 | ||
| 006 | m o u | ||
| 007 | cr cn||||||||| | ||
| 008 | 200630c20049999mx br p o 0 0spa d | ||
| 022 | _a0036-3634 | ||
| 035 | _a(OCoLC)1164336323 | ||
| 040 |
_aFINmELB _bspa _erda _cFINmELB |
||
| 050 | 1 | 4 |
_aRA421 _b.S837 2004 |
| 080 | _a61(05) | ||
| 082 | 0 | 4 |
_a610 _223 |
| 245 | 0 | 3 |
_aEl subregistro potencial de accidentes de trabajo en el Instituto Mexicano del Seguro Social / _cJosé Santiago Salinas-Tovar [y otros 5]. |
| 310 | _aBimestral | ||
| 336 |
_atexto _btxt _2rdacontent/spa |
||
| 337 |
_acomputadora _bc _2rdamedia/spa |
||
| 338 |
_arecurso en línea _bcr _2rdacarrier/spa |
||
| 362 | 0 | _ano. 3, vol. 46 (mayo-junio 2004)- | |
| 580 | _aDescripción basada en Salud pública de México, no. 3, vol. 46 (mayo-junio 2004), P. 204-209. | ||
| 588 | _aDescripción basada en metadatos suministrados por el editor y otras fuentes. | ||
| 590 | _aRecurso electrónico. Santa Fe, Arg.: elibro, 2020. Disponible vía World Wide Web. El acceso puede estar limitado para las bibliotecas afiliadas a elibro. | ||
| 650 | 0 |
_aPublic health _zMexico _vPeriodicals. |
|
| 650 | 4 |
_aSalud pública _zMéxico _vPublicaciones periódicas. |
|
| 655 | 4 | _aArtículos electrónicos. | |
| 700 | 1 | _aSalinas-Tovar, José Santiago. | |
| 773 | 1 |
_tSalud pública de México. _xISSN 0036-3634 _dCuernavaca, México : Instituto Nacional de Salud Pública. _gno. 3, vol. 46 (2004), p. 204-209 |
|
| 797 | 2 | _aelibro, Corp. | |
| 856 | 4 | 0 | _uhttps://elibro.net/ereader/politecnicointernacional/3326 |
| 999 |
_c94272 _d94272 |
||